000 00420nam a2200169Ia 4500
008 230711s9999||||xx |||||||||||||| ||und||
020 _a978-0-07-460482-3
041 _aENG
082 _a4
_bDO-S
100 _aDonovan,John J
245 0 _aSystems programming
250 _a53rd Ed.
260 _c2011
_aNew Delhi
_bTata McGraw Hill Education Limited
300 _a488
650 _aComputer Engineering
942 _cBK
999 _c5146
_d5146